Statistics for Countries with highest Average Neighbour Size

Click here to take the quiz!

General Stats

  • This quiz has been taken 47 times
  • The average score is 12 of 20

Answer Stats

Avg Area Country % Correct
5,974 United States
92%
9,526 Canada
89%
5,648 Uruguay
86%
6,403 Nepal
83%
6,403 Bhutan
83%
13,369 Mongolia
83%
8,946 North Korea
81%
4,131 Paraguay
69%
5,957 Finland
64%
5,574 Kazakhstan
61%
5,962 Norway
58%
4,499 Georgia
53%
3,776 Pakistan
50%
8,581 Estonia
50%
3,628 Belarus
47%
3,925 Azerbaijan
44%
4,354 Latvia
44%
4,420 Lithuania
42%
3,352 Vietnam
39%
3,290 Venezuela
19%

Score Distribution

Percentile by Number Answered

Percent of People with Each Score

Your Score History

You have not taken this quiz